Języki na Duolingo - Statystyki

Ogólne statystyki
  • Ten quiz został rozwiązany 56 razy
  • Średni wynik to 24 z 40
Statystyki odpowiedzi
Liczba uczalących się (ok.) Język % Poprawnych
160 mln. Angielski
100%
45 mln. Hiszpański
96%
2 mln. Polski
94%
5 mln. Portugalski (Brazylia)
94%
9 mln. Chiński
88%
26 mln. Francuski
88%
1 mln. Ukraiński
88%
21 mln. Japoński
85%
17 mln. Niemiecki
85%
12 mln. Włoski
85%
8 mln. Rosyjski
83%
2 mln. Szwedzki
83%
17 mln. Koreański
81%
900 tyś. Czeski
79%
1 mln. Norweski (Bokmål)
79%
7 mln. Arabski
77%
4 mln. Turecki
75%
1 mln. Duński
73%
2 mln. Grecki
73%
1 mln. Fiński
71%
3 mln. Holenderski
71%
660 tyś. Węgierski
71%
11 mln. Hindi
67%
1 mln. Rumuński
58%
2 mln. Irlandzki
56%
2 mln. Wietnamski
46%
1 mln. Hebrajski
44%
1 mln. Indonezyjski
42%
580 tyś. Szkocki Gaelicki
35%
730 tyś. Walijski
29%
840 tyś. Zulu
25%
380 tyś. Esperanto
23%
2 mln. Łacina
21%
320 tyś. Jidysz
17%
850 tyś. Hawajski
15%
400 tyś. Klingon
15%
670 tyś. Swahili
15%
320 tyś. Navajo
10%
980 tyś. Wysoki Valyriański
10%
530 tyś. Kreolski (Haiti)
6%
Nie znaleziono quizów pasujących do podanych kryteriów
Rozkład punktacji
Procent ludzi z każdym wynikiem
Percentyl według liczby udzielonych odpowiedzi
Twoja historia wyników
Nie rozwiązałeś tego quizu